00413nam a2200157 a 4500001000400000003000900004008004100013040002800054082001800082100003100100245003700131260004400168300000900212490001200221650002200233515CO-ViMGA141112s2004 ck r 000 u spa d aCO-ViMGAbspacCO-ViMGA04aCo861.44 C1771 aCarranza, María Mercedes10aDe amor y desamor y otros poemas aSantafé de Bogotá : bNorma, c1995 a74 p aMilenio14aPOESIA COLOMBIANA